[Event "POL-ch Academic"]
[Site "Katowice"]
[Date "2020.11.14"]
[Round "6"]
[White "Molenda, Marcin"]
[Black "Kolinski, Daniel"]
[Result "1-0"]
[WhiteElo "2349"]
[BlackElo "1663"]
[PlyCount "45"]
[EventDate "2020.11.13"]
[EventType "swiss (rapid)"]
[EventRounds "9"]
[EventCountry "POL"]
[SourceTitle "CBM 199 Extra"]
[Source "ChessBase"]
[SourceDate "2021.01.31"]
[SourceVersion "1"]
[SourceVersionDate "2021.01.31"]
[SourceQuality "1"]

1. d4 Nf6 2. c4 c5 3. d5 e6 4. Nc3 exd5 5. cxd5 d6 6. Nf3 g6 7. Bf4 a6 8. Nd2 Nh5 9. Be3 Bg7 10. a4 Qa5 11. Qb3 b5 12. Nde4 Be5 13. Bd2 b4 14. Nd1 f5 15. Ng5 h6 16. Ne6 Bxe6 17. dxe6 Ke7 18. Ne3 Nc6 19. Nd5+ Kf8 20. e3 Nf6 21. Bc4 Ne7 22. Nxe7 Kxe7 23. f4 1-0

[Event "Mazowiec-chT op 1819"]
[Site "Warsaw"]
[Date "2018.12.02"]
[Round "2.21"]
[White "Duch, Mariusz"]
[Black "Kolinski, Daniel"]
[Result "1-0"]
[WhiteElo "2218"]
[BlackElo "1677"]
[PlyCount "93"]
[EventDate "2018.12.02"]
[EventType "team-swiss"]
[EventRounds "10"]
[EventCountry "POL"]
[SourceTitle "EXT 2020"]
[Source "ChessBase"]
[SourceDate "2019.10.17"]
[SourceVersion "1"]
[SourceVersionDate "2019.10.17"]
[SourceQuality "1"]

1. c4 Nf6 2. Nf3 c5 3. d4 e6 4. g3 g6 5. dxc5 Qa5+ 6. Nc3 Qxc5 7. Bg2 Qxc4 8. 0-0 Bg7 9. Bf4 0-0 10. Bd6 Re8 11. Ne5 Qa6 12. b4 Nd5 13. Nxd5 exd5 14. Qxd5 Bxe5 15. Bxe5 Qe6 16. Bc3 Nc6 17. b5 Qxd5 18. Bxd5 Ne7 19. Bf3 d5 20. Bf6 Bd7 21. a4 a6 22. b6 Bc6 23. Rfd1 a5 24. e3 Nc8 25. Bxd5 Bxd5 26. Rxd5 Nxb6 27. Rb5 Nd7 28. Bd4 b6 29. Bxb6 Nxb6 30. Rxb6 Re4 31. Rb5 Rb4 32. Kg2 f5 33. Rd5 Ra7 34. Kf3 Kf7 35. Rd4 Rab7 36. Rad1 Ke7 37. h4 Rxd4 38. Rxd4 Rb4 39. Rxb4 axb4 40. Ke2 Kd6 41. Kd3 Kc5 42. f3 b3 43. Kc3 b2 44. Kxb2 Kb4 45. e4 Kxa4 46. exf5 gxf5 47. Kc3 1-0

[Event "Mazowiec-chT op 1819"]
[Site "Warsaw"]
[Date "2018.12.02"]
[Round "1.17"]
[White "Kolinski, Daniel"]
[Black "Wesolek, Krzysztof"]
[Result "1/2-1/2"]
[WhiteElo "1677"]
[BlackElo "1334"]
[PlyCount "55"]
[EventDate "2018.12.02"]
[EventType "team-swiss"]
[EventRounds "10"]
[EventCountry "POL"]
[SourceTitle "EXT 2020"]
[Source "ChessBase"]
[SourceDate "2019.10.17"]
[SourceVersion "1"]
[SourceVersionDate "2019.10.17"]
[SourceQuality "1"]

1. e4 e6 2. d4 d5 3. Nc3 b6 4. Bf4 Ba6 5. Nb5 Bxb5 6. Bxb5+ c6 7. Bxb8 cxb5 8. Bf4 dxe4 9. Qe2 Qd5 10. f3 Nf6 11. Be5 exf3 12. Nxf3 Be7 13. 0-0 0-0 14. Nd2 Rac8 15. Rf3 Rxc2 16. Rg3 Rfc8 17. Rf1 g6 18. Qf2 Rxd2 19. Qxd2 Ne4 20. Qh6 Bf8 21. Qh4 f6 22. Rh3 h5 23. Bxf6 Be7 24. Bxe7 Qxd4+ 25. Kh1 Nf2+ 26. Kg1 Nxh3+ 27. Kh1 Nf2+ 28. Kg1 1/2-1/2

[Event "Milanowek-ch"]
[Site "Milanowek"]
[Date "2012.07.03"]
[Round "4"]
[White "Kolinski, Daniel"]
[Black "Tomaszewski, Wieslaw"]
[Result "1-0"]
[WhiteElo "1722"]
[BlackElo "1619"]
[PlyCount "33"]
[EventDate "2012.06.30"]
[EventType "swiss"]
[EventRounds "9"]
[EventCountry "POL"]
[SourceTitle "EXT 2014"]
[Source "ChessBase"]
[SourceDate "2013.11.20"]
[SourceVersion "1"]
[SourceVersionDate "2013.11.20"]
[SourceQuality "1"]

1. e4 e6 2. d4 b6 3. f4 c5 4. d5 d6 5. c4 Be7 6. Bd3 Na6 7. a3 Bf6 8. Nf3 Bd4 9. Nxd4 cxd4 10. dxe6 fxe6 11. e5 Nc5 12. Qh5+ Kf8 13. Bc2 Bb7 14. 0-0 Ne7 15. f5 exf5 16. Bxf5 Kg8 17. Be6+ 1-0

[Event "Milanowek-ch"]
[Site "Milanowek"]
[Date "2012.07.02"]
[Round "3"]
[White "Rzeszowski, Dominik"]
[Black "Kolinski, Daniel"]
[Result "1-0"]
[WhiteElo "1640"]
[BlackElo "1722"]
[PlyCount "33"]
[EventDate "2012.06.30"]
[EventType "swiss"]
[EventRounds "9"]
[EventCountry "POL"]
[SourceTitle "EXT 2014"]
[Source "ChessBase"]
[SourceDate "2013.11.20"]
[SourceVersion "1"]
[SourceVersionDate "2013.11.20"]
[SourceQuality "1"]

1. e4 e5 2. Nf3 Nc6 3. d4 exd4 4. Bc4 Bc5 5. c3 Nf6 6. e5 Ng4 7. Bxf7+ Kxf7 8. Ng5+ Kf8 9. Qxg4 Nxe5 10. Qf5+ Qf6 11. Nxh7+ Rxh7 12. Qxh7 d3 13. 0-0 Ng4 14. Be3 Nxe3 15. Qh8+ Kf7 16. Qh5+ Kf8 17. Qxc5+ 1-0

[Event "Milanowek-ch"]
[Site "Milanowek"]
[Date "2012.07.01"]
[Round "2"]
[White "Kolinski, Daniel"]
[Black "Trocha, Adam"]
[Result "0-1"]
[WhiteElo "1722"]
[BlackElo "1560"]
[PlyCount "70"]
[EventDate "2012.06.30"]
[EventType "swiss"]
[EventRounds "9"]
[EventCountry "POL"]
[SourceTitle "EXT 2014"]
[Source "ChessBase"]
[SourceDate "2013.11.20"]
[SourceVersion "1"]
[SourceVersionDate "2013.11.20"]
[SourceQuality "1"]

1. e4 c5 2. Nf3 Nc6 3. d4 cxd4 4. Nxd4 Nf6 5. Nc3 d6 6. f3 a6 7. Be3 e6 8. Qd2 Be7 9. Bd3 0-0 10. g4 Nd7 11. 0-0-0 Nde5 12. f4 Nxd4 13. Bxd4 Nf3 14. Qf2 Nxd4 15. Qxd4 e5 16. fxe5 dxe5 17. Qxe5 Re8 18. Qg3 Bh4 19. Qf3 Qg5+ 20. Rd2 Bxg4 21. Qf1 Qh6 22. Qg2 Bg5 23. h3 Bxd2+ 24. Qxd2 Qxd2+ 25. Kxd2 Bf3 26. Rg1 Rad8 27. Ke3 Bh5 28. Bc4 b5 29. Nxb5 axb5 30. Bxb5 Re5 31. a4 f5 32. Kf4 Rxe4+ 33. Kxf5 Rb4 34. c4 Rxb2 35. c5 Rd5+ 0-1

[Event "Mazowiec-chT op 1112"]
[Site "Poland"]
[Date "2012.02.05"]
[Round "5.48"]
[White "Kolinski, Daniel"]
[Black "Praczukowski, Stanislaw"]
[Result "0-1"]
[WhiteElo "1730"]
[BlackElo "1727"]
[PlyCount "52"]
[EventDate "2012.01.08"]
[EventType "team-swiss"]
[EventRounds "10"]
[EventCountry "POL"]
[SourceTitle "EXT 2019"]
[Source "ChessBase"]
[SourceDate "2018.10.10"]
[SourceVersion "1"]
[SourceVersionDate "2018.10.10"]
[SourceQuality "1"]

1. e4 c5 2. Nf3 d6 3. d4 cxd4 4. Nxd4 Nf6 5. Nc3 a6 6. Be3 e6 7. f3 b5 8. Bd3 b4 9. Nce2 e5 10. Nb3 Nc6 11. c3 d5 12. Bg5 Be6 13. exd5 Bxd5 14. c4 Be6 15. Qc2 Rc8 16. Rd1 Nd4 17. Nexd4 exd4 18. 0-0 a5 19. Rfe1 Bc5 20. Bxf6 gxf6 21. Nxc5 Rxc5 22. Bxh7 Kf8 23. Bd3 Rch5 24. g3 Qd6 25. Rd2 Qxg3+ 26. Kf1 Rxh2 0-1

[Event "POL-chT3 Mazowiecki"]
[Site "Warsaw"]
[Date "2011.01.09"]
[Round "1.53"]
[White "Kolinski, Daniel"]
[Black "Hryszkiewicz, Michal"]
[Result "1/2-1/2"]
[WhiteElo "1772"]
[BlackElo "1784"]
[PlyCount "46"]
[EventDate "2011.01.09"]
[EventType "team-tourn"]
[EventRounds "10"]
[EventCountry "POL"]
[SourceTitle "EXT 2015"]
[Source "ChessBase"]
[SourceDate "2014.11.20"]
[SourceVersion "1"]
[SourceVersionDate "2014.11.20"]
[SourceQuality "1"]
[WhiteTeam "Puszcza Marianska UKS Hetman"]
[BlackTeam "Wyszkow"]
[WhiteTeamCountry "POL"]
[BlackTeamCountry "POL"]

1. e4 e6 2. d4 d5 3. e5 c5 4. c3 Nc6 5. Nf3 Qb6 6. Be2 cxd4 7. cxd4 Nge7 8. Na3 Nf5 9. Nc2 Bd7 10. 0-0 Rc8 11. Be3 Na5 12. b3 Be7 13. Bd3 Bb5 14. g4 Nxe3 15. Nxe3 0-0 16. h4 Rc3 17. Bxb5 Qxb5 18. Qd2 Rfc8 19. Rac1 Rxc1 20. Rxc1 Rxc1+ 21. Qxc1 Nc6 22. Kg2 Qd3 23. Qc2 Qxc2 1/2-1/2

[Event "Warsaw-ch opB 62nd"]
[Site "Warsaw"]
[Date "2009.09.03"]
[Round "3"]
[White "Kolinski, Daniel"]
[Black "Maciejewski, Andrzej"]
[Result "1/2-1/2"]
[WhiteElo "1721"]
[BlackElo "2358"]
[PlyCount "57"]
[EventDate "2009.08.31"]
[EventType "swiss"]
[EventRounds "9"]
[EventCountry "POL"]
[SourceTitle "EXT 2011"]
[Source "ChessBase"]
[SourceDate "2010.11.26"]
[SourceVersion "1"]
[SourceVersionDate "2010.11.26"]
[SourceQuality "1"]

1. e4 c6 2. d4 d5 3. Nc3 dxe4 4. Nxe4 Bf5 5. Ng3 Bg6 6. h4 h6 7. h5 Bh7 8. Nf3 Nf6 9. Bd3 Bxd3 10. Qxd3 e6 11. Bd2 Bd6 12. Ne5 Nbd7 13. Qe2 Qe7 14. 0-0-0 0-0-0 15. Kb1 Kb8 16. Bf4 Nd5 17. Bd2 Nxe5 18. dxe5 Bc7 19. f4 f5 20. c4 Nb6 21. Be3 Qb4 22. Rc1 Qe7 23. Nf1 Nc8 24. Nd2 Bb6 25. c5 Bc7 26. Nc4 Rd5 27. Nd6 Qd7 28. Rhd1 Ne7 29. Qc4 1/2-1/2

[Event "Kolobrzeg op 10th"]
[Site "Kolobrzeg"]
[Date "2009.08.23"]
[Round "7"]
[White "Kolinski, Daniel"]
[Black "Kobus, Sebastian"]
[Result "0-1"]
[WhiteElo "1721"]
[BlackElo "2035"]
[PlyCount "140"]
[EventDate "2009.08.17"]
[EventType "swiss"]
[EventRounds "9"]
[EventCountry "POL"]
[SourceTitle "CBM 131 Extra"]
[Source "ChessBase"]
[SourceDate "2009.09.03"]
[SourceVersion "2"]
[SourceVersionDate "2009.09.16"]
[SourceQuality "1"]

1. e4 e5 2. Nc3 Bc5 3. Bc4 Nc6 4. Nf3 Nf6 5. d3 d6 6. Be3 Bb6 7. Qd2 Ba5 8. a3 Bg4 9. Ng5 0-0 10. h3 Bd7 11. 0-0 Nd4 12. b4 Bb6 13. Ne2 h6 14. Nxf7 Rxf7 15. Nxd4 exd4 16. Bxf7+ Kxf7 17. Bf4 Kg8 18. Bh2 a5 19. f4 c6 20. f5 Be8 21. g4 Nh7 22. Qg2 Qd7 23. h4 Bd8 24. Qf2 Bf6 25. Bf4 Qe7 26. Qh2 Rd8 27. Bg3 a4 28. Rae1 Be5 29. Bxe5 Qxe5 30. Qxe5 dxe5 31. Re2 Nf6 32. Rg2 h5 33. gxh5 Nxh5 34. f6 Bf7 35. Rf5 Re8 36. Rgg5 g6 37. Rxe5 Nxf6 38. Rxe8+ Bxe8 39. e5 Nd7 40. h5 Kg7 41. hxg6 Bxg6 42. Kf2 Nf8 43. Ke2 Ne6 44. Rg4 Kf7 45. Kd2 Bh5 46. Rh4 Kg6 47. c3 Kg5 48. Rh1 Bg6 49. Rh8 Kf5 50. Rb8 b5 51. Rc8 Kxe5 52. Rxc6 dxc3+ 53. Kxc3 Kd5 54. Rb6 Be8 55. Rb8 Bd7 56. Rh8 Kd6 57. Kd2 Nd4 58. Kc3 Nc6 59. Rh5 Ne5 60. d4 Nc4 61. Rc5 Nxa3 62. Kd3 Be8 63. Kc3 Bf7 64. Kb2 Nc4+ 65. Kc3 a3 66. Kb3 Be8 67. Rg5 Kc6 68. Rc5+ Kb6 69. Rg5 Bf7 70. Rf5 Nd6+ 0-1

[Event "Kolobrzeg op 10th"]
[Site "Kolobrzeg"]
[Date "2009.08.17"]
[Round "1"]
[White "Kolinski, Daniel"]
[Black "Pacuszka, Tomasz"]
[Result "0-1"]
[WhiteElo "1721"]
[BlackElo "2284"]
[PlyCount "96"]
[EventDate "2009.08.17"]
[EventType "swiss"]
[EventRounds "9"]
[EventCountry "POL"]
[SourceTitle "CBM 131 Extra"]
[Source "ChessBase"]
[SourceDate "2009.09.03"]
[SourceVersion "2"]
[SourceVersionDate "2009.09.16"]
[SourceQuality "1"]

1. e4 c5 2. Nf3 Nc6 3. Nc3 g6 4. d4 cxd4 5. Nxd4 Bg7 6. Be3 Nf6 7. f3 0-0 8. Qd2 d5 9. 0-0-0 dxe4 10. Nxc6 Qxd2+ 11. Rxd2 bxc6 12. Nxe4 Nd5 13. Bc5 Bh6 14. c4 Bxd2+ 15. Kxd2 f5 16. cxd5 fxe4 17. Bxe7 Rf7 18. d6 Be6 19. fxe4 Rf2+ 20. Kc3 Kf7 21. a3 a5 22. Bd3 Rb8 23. b4 axb4+ 24. axb4 Ra8 25. Kd4 Ra3 26. Rc1 Rd2 27. Rf1+ Kg7 28. Ke5 Ba2 29. Bf6+ Kg8 30. Rc1 Rdxd3 31. Rxc6 Ra8 32. Rc7 Re8+ 33. Kf4 Rxd6 34. Rg7+ Kf8 35. e5 Rd2 36. Rxh7 Rxg2 37. h4 Rb8 38. Bg7+ Kf7 39. Bf6+ Ke6 40. Re7+ Kd5 41. Rd7+ Kc6 42. Rd6+ Kb5 43. e6 Rb6 44. e7 Bf7 45. Rxb6+ Kxb6 46. Bg5 Rb2 47. Ke5 Kc6 48. Kf6 Be8 0-1